000 00459cam a2200205ua 4500
001 9017
005 20260515114420.0
008 150219n ii |||gr||||Z||||||eng
020 _a8123721994
040 _cMAIN
041 _aeng
082 _a780
100 _aRanade, A. D.,
_eAuthor.
245 1 _aHindustani music
_cBy A. D. Ranade
250 _a1st.
260 _aNew Delhi:
_bNational,
_c2005.
300 _ax,166p.
653 _aMusic
942 _cBK
999 _c8101
_d8101